Memorias de la otra existencia
Guardat en:
| Autor principal: | |
|---|---|
| Format: | Llibre |
| Idioma: | espanyol |
| Publicat: |
Santiago
Universitaria
1985
|
| Col·lecció: | Colección los contemporaneos
|
| Matèries: | |
| Etiquetes: |
Afegir etiqueta
Sense etiquetes, Sigues el primer a etiquetar aquest registre!
|
MARC
| LEADER | 00000cam a2200000 a 4500 | ||
|---|---|---|---|
| 001 | UCY1790 | ||
| 003 | CL-VaPUC | ||
| 008 | 940916e19850000CL |||||||||||||||||spa|d | ||
| 082 | 0 | 4 | |a Ch864 |b GAN |2 21 |
| 100 | |a Gandolfo Barón, Rafael |e autor |9 380823 | ||
| 245 | 1 | 0 | |a Memorias de la otra existencia |
| 300 | |a 307 p | ||
| 942 | |c BK | ||
| 945 | |d 19940916 00:00:00 |a oaravena | ||
| 260 | |a Santiago |b Universitaria |c 1985 | ||
| 650 | 0 | |a Ensayos chilenos |9 269132 | |
| 583 | |a last modification |c 20150121 11:27:00 |k Rodrigo Vera | ||
| 490 | 0 | |a Colección los contemporaneos | |
| 999 | |c 230382 |d 230380 | ||
| 952 | |0 0 |1 0 |4 0 |6 CH_864_000000000000000_GAN_1985 |7 0 |8 P |9 232594 |a BIBEDU |b BIBEDU |c BIBEDU_PB |d 2019-11-15 |i 1587331 |o Ch864 GAN 1985 |p 1587331 |r 2024-01-25 |w 2019-11-15 |y BK |k FIL | ||
| 952 | |0 0 |1 0 |4 0 |6 CH_864_000000000000000_GAN_1985 |7 0 |8 P |9 232595 |a BIBEDU |b BIBEDU |c BIBEDU_PB |d 2019-11-15 |i 158734K |o Ch864 GAN 1985 |p 158734K |r 2024-01-25 |w 2019-11-15 |y BK |k FIL | ||
| 952 | |0 0 |1 0 |4 0 |6 CH_864_000000000000000_GAN_1985 |7 0 |8 P |9 232596 |a BIBEDU |b BIBEDU |c BIBEDU_PB |d 2019-11-15 |i 1587358 |o Ch864 GAN 1985 |p 1587358 |r 2024-01-25 |w 2019-11-15 |y BK |k FIL | ||
| 952 | |0 0 |1 0 |4 0 |6 CH_864_000000000000000_GAN_1985 |7 0 |8 A |9 232597 |a BIBHIS |b BIBHIS |d 2019-11-15 |i 3884279 |o Ch864 GAN 1985 |p 3884279 |r 2025-01-20 |w 2019-11-15 |y BK |k HIS | ||
| 952 | |0 0 |1 0 |3 erb |4 0 |6 CH_864_000000000000000_GAN_1985 |7 0 |8 X |9 232598 |a FDOBUD |b FDOBUD |i 5151392 |o Ch864 GAN 1985 |p 5151392 |r 2019-11-15 |w 2019-11-15 |y BK_X |z Catalogado en:20150123 |k BUD | ||